书目信息 |
| 题名: |
播音主持艺术语言基本功训练教程
|
|
| 作者: | 赵秀环 编著 | |
| 分册: | ||
| 出版信息: | 北京 中国传媒大学出版社 2011.03 |
|
| 页数: | 354页 | |
| 开本: | 26cm | |
| 丛书名: | 播音主持入门训练丛书 | |
| 单 册: | ||
| 中图分类: | G222.2 | |
| 科图分类: | ||
| 主题词: | 播音--语言艺术--教材 , 主持人--语言艺术--教材 , 播音 , 语言艺术 , 主持人 | |
| 电子资源: | ||
| ISBN: | 978-7-81127-892-7 | |
| 000 | 01038oam2 2200313 450 | |
| 001 | 010030010256 | |
| 005 | 20130609083534.01 | |
| 010 | @a978-7-81127-892-7@dCNY45.00@z7-81127-892-8 | |
| 100 | @a20110418d2011 em y0chiy50 ea | |
| 101 | 0 | @achi |
| 102 | @aCN@b110000 | |
| 105 | @af z 000yy | |
| 106 | @ar | |
| 200 | 1 | @a播音主持艺术语言基本功训练教程@9bo yin zhu chi yi shu yu yan ji ben gong xun lian jiao cheng@f赵秀环编著 |
| 205 | @a3版 | |
| 210 | @a北京@c中国传媒大学出版社@d2011.03 | |
| 215 | @a354页@c照片@d26cm | |
| 225 | 2 | @a播音主持入门训练丛书 |
| 330 | @a本书内容主要包括:汉语普通话语音规范化训练;播音员、主持人正确用气发声基本功训练;播音员、主持人语言表达技巧训练;播音员文体业务内容播音训练等。 | |
| 461 | 0 | @12001 @a播音主持入门训练丛书 |
| 606 | 0 | @a播音@x语言艺术@j教材 |
| 606 | 0 | @a主持人@x语言艺术@j教材 |
| 606 | 0 | @a播音 |
| 606 | 0 | @a语言艺术 |
| 606 | 0 | @a主持人 |
| 690 | @aG222.2@v4 | |
| 701 | 0 | @a赵秀环@9zhao xiu huan@4编著 |
| 801 | 0 | @aCN@bRENTIAN@c20110418 |
| 905 | @dG222.2@e152=3 | |
| 播音主持艺术语言基本功训练教程/赵秀环编著.-3版.-北京:中国传媒大学出版社,2011.03 |
| 354页:照片;26cm.-(播音主持入门训练丛书) |
| ISBN 978-7-81127-892-7:CNY45.00 |
| 本书内容主要包括:汉语普通话语音规范化训练;播音员、主持人正确用气发声基本功训练;播音员、主持人语言表达技巧训练;播音员文体业务内容播音训练等。 |
| ● |
| 相关链接 |
|
|
|
|
正题名:播音主持艺术语言基本功训练教程
索取号:G222.2/152=3
 
预约/预借
| 序号 | 登录号 | 条形码 | 馆藏地/架位号 | 状态 | 备注 |
| 1 | 0545477 | 205454774 | 第一样本阅览室/ [索取号:G222.2/152=3] | 在馆 | |
| 2 | 0545478 | 205454783 | 第四借阅区/ [索取号:G222.2/152=3] | 在馆 | |
| 3 | 0545479 | 205454792 | 第四借阅区/ [索取号:G222.2/152=3] | 在馆 | |
| 4 | 0545480 | 205454809 | 第四借阅区/ [索取号:G222.2/152=3] | 在馆 | |
| 5 | 0545481 | 205454818 | 第四借阅区/ [索取号:G222.2/152=3] | 在馆 |